000 00819cam a22002773a 4500
001 19453
003 PGUSA
005 20140828083419.0
008 061003s2006||||xxu|||||s|||||000 | eng d
040 _aPGUSA
_beng
042 _adc
050 4 _aDS
245 1 4 _aThe Shield
_h[electronic resource]
260 _bProject Gutenberg,
_c2006
506 _aPublic domain in the USA.
516 _aElectronic text
653 _aJews -- Russia -- Politics and government
653 _aRussia -- Politics and government -- 1894-1917
700 1 _aSologub, Fyodor,
_d1863-1927
700 1 _aAndreyev, Leonid,
_d1871-1919
700 1 _aYarmolinsky, Avrahm,
_d1890-1975
700 1 _aGorky, Maksim,
_d1868-1936
830 0 _aProject Gutenberg
_v19453
856 4 0 _uhttp://www.gutenberg.org/ebooks/19453
942 _cEB
999 _c248708
_d248708